Welcome to CU Library Online Public Access Catalogue (OPAC)

Neuromuscular development and disease / (Record no. 2542)

MARC details
000 -LEADER
fixed length control field 00932pam a2200289 a 4500
001 - CONTROL NUMBER
control field 2503280
005 - DATE AND TIME OF LATEST TRANSACTION
control field 20250115092817.0
008 - FIXED-LENGTH DATA ELEMENTS--GENERAL INFORMATION
fixed length control field 920306s1992 nyua b 001 0 eng c
020 ## - INTERNATIONAL STANDARD BOOK NUMBER
International Standard Book Number 0881679208
050 00 - LIBRARY OF CONGRESS CALL NUMBER
Classification number QP369.5
Item number .N47 1992
082 00 - DEWEY DECIMAL CLASSIFICATION NUMBER
Classification number 612.7/43
Edition information 20
245 00 - TITLE STATEMENT
Title Neuromuscular development and disease /
Statement of responsibility, etc. editors, Alan M. Kelly, Helen M. Blau.
250 ## - EDITION STATEMENT
Edition statement volume 2
260 ## - PUBLICATION, DISTRIBUTION, ETC.
Place of publication, distribution, etc. New York :
Name of publisher, distributor, etc. Raven Press,
Date of publication, distribution, etc. c1992.
300 ## - PHYSICAL DESCRIPTION
Extent xxiv, 374 p. :
Other physical details ill. ;
Dimensions 25 cm.
440 #0 - SERIES STATEMENT/ADDED ENTRY--TITLE
Title Raven Press series on molecular and cellular biology ;
Volume/sequential designation v. 2
650 #0 - SUBJECT ADDED ENTRY--TOPICAL TERM
Topical term or geographic name entry element Myoneural junction.
650 #0 - SUBJECT ADDED ENTRY--TOPICAL TERM
Topical term or geographic name entry element Neuromuscular diseases
General subdivision Molecular aspects.
650 #0 - SUBJECT ADDED ENTRY--TOPICAL TERM
Topical term or geographic name entry element Muscle proteins.
650 #2 - SUBJECT ADDED ENTRY--TOPICAL TERM
Topical term or geographic name entry element Cell Differentiation.
650 #2 - SUBJECT ADDED ENTRY--TOPICAL TERM
Topical term or geographic name entry element Gene Expression Regulation.
650 #2 - SUBJECT ADDED ENTRY--TOPICAL TERM
Topical term or geographic name entry element Muscular Dystrophy
General subdivision genetics.
650 #2 - SUBJECT ADDED ENTRY--TOPICAL TERM
Topical term or geographic name entry element Muscles
General subdivision growth & development.
700 1# - ADDED ENTRY--PERSONAL NAME
Personal name Kelly, Alan M.
700 1# - ADDED ENTRY--PERSONAL NAME
Personal name Blau, Helen M.
942 ## - ADDED ENTRY ELEMENTS (KOHA)
Source of classification or shelving scheme Library of Congress Classification
Koha item type Books
Suppress in OPAC No
999 ## -
-- 2542
-- 2542
Holdings
Withdrawn status Lost status Source of classification or shelving scheme Damaged status Not for loan Collection Home library Current library Shelving location Date acquired Total checkouts Full call number Barcode Date last seen Copy number Price effective from Koha item type
    Library of Congress Classification     Non-fiction Science Library (Miotso) Science Library (Miotso) General stacks 01/15/2025   QP369.5 .N47 NEU SLM00001794 01/15/2025 1 01/15/2025 Books
    Library of Congress Classification     Non-fiction Science Library (Miotso) Science Library (Miotso) General stacks 01/15/2025   QP369.5 .N47 NEU SLM00001795 01/15/2025 2 01/15/2025 Books
    Library of Congress Classification     Non-fiction Science Library (Miotso) Science Library (Miotso) General stacks 01/15/2025   QP369.5 .N47 NEU SLM00001796 01/15/2025 3 01/15/2025 Books
    Library of Congress Classification     Non-fiction Science Library (Miotso) Science Library (Miotso) General stacks 01/15/2025   QP369.5 .N47 NEU SLM00001797 01/15/2025 4 01/15/2025 Books
© 2023-2024 Copyright: Central University Libraries. All Rights Reserved | Created by: Mahone Tech Office